000 00377nam a2200157Ia 4500
008 221007s9999 xx 000 0 und d
041 _aeng
082 _bGAV
100 _aGavande Prajakta A.
_9101950
245 _aAssessment of Stress
250 _a2K101034
260 _c2012
_bPune University
_aRatnagiri
300 _a65p
520 _aSonar Pranita
906 _bGeneral
999 _c69105
_d69105